[Event "Radulescu Memorial"]
[Site "Calimanesti"]
[Date "1999.??.??"]
[Round "9"]
[White "Ionescu, Constantin"]
[Black "Benkovic, Petar"]
[Result "1-0"]
[WhiteElo "2482"]
[BlackElo "2364"]
[Annotator "Tisdall,J"]
[PlyCount "91"]
[EventDate "1999.02.??"]
[EventType "tourn"]
[EventRounds "13"]
[EventCountry "ROU"]
[EventCategory "8"]
[SourceTitle "CBM 070"]
[Source "ChessBase"]
[SourceDate "1999.06.08"]
[SourceVersion "1"]
[SourceVersionDate "1999.06.08"]
[SourceQuality "1"]

1. Nf3 d5 2. g3 Nf6 3. Bg2 e6 4. O-O Be7 5. c4 O-O 6. b3 b6 7. Bb2 Bb7 8. cxd5
exd5 9. d4 c5 (9... Nbd7 $5 {omitting ..c5 and giving white no obvious targets
deserves serious attention.} 10. Nc3 Re8 (10... Ne4 11. Rc1 Ndf6 12. Ne5 c5 13.
dxc5 Bxc5 14. Nd3 Be7 15. Nb5 a6 16. Nd4 Re8 17. Nc6 Bxc6 18. Rxc6 $14 {
1-0 Wojtkiewicz,A-Bobras,P/Nat-ch POL Brzeg Dolny 1996 (36)}) 11. Qc2 a6 12.
Rfd1 Bd6 13. e3 Qe7 14. Rac1 Rac8 15. Qf5 g6 16. Qc2 Ne4 17. Nxe4 dxe4 18. Nd2
b5 19. d5 $5 Bxd5 $6 20. Nxe4 Bxe4 21. Bxe4 $14 {1/2-1/2 Sokolov,I-Adams,M/
Chalkidiki 1992/CBM 32 (54)}) 10. Nc3 Re8 (10... Nc6 $5 11. Rc1 Ne4 12. dxc5
Nxc3 13. Bxc3 bxc5 14. e3 Qb6 15. Rc2 Rfd8 16. Rd2 a5 17. Ne5 Nxe5 18. Bxe5 Qe6
19. Bc3 Bc6 20. Qb1 Bg5 $132 {0-1 Panno,O-Zarnicki,P/ch-ARG, Saenz Pena City
1996 (40)}) 11. Rc1 Nbd7 12. Qc2 (12. Qd3 Ne4 13. Rfd1 Ndf6 14. h3 Rc8 15. dxc5
Bxc5 16. Nd4 Qd7 17. e3 h5 18. Nce2 Bd6 19. Qb5 Qxb5 20. Nxb5 Bb8 21. Nf4 $14 {
0-1 Avirovic,D-Nedeljkovic,S/Belgrade 1959/MCD (34)}) (12. Rc2 Rc8 13. Qa1 Bf8
14. Rfc1 Qe7 15. e3 Ne4 16. Nxe4 dxe4 17. Nd2 Qe6 18. b4 $5 $13 {1/2-1/2
Szilagyi,G-Nedeljkovic,S/Budapest 1960/MCD (30)}) (12. dxc5 bxc5 13. Nh4 Nb6
14. Nf5 Bf8 15. e3 g6 16. Nh4 Bg7 17. Rc2 Qe7 18. Nf3 $11 {1/2-1/2 Orso,
M-Petronijevic,Z/Budapest 1998/EXT 99 (71)}) 12... Rc8 13. Rfd1 a6 (13... Ne4
$5) 14. dxc5 Nxc5 15. Qb1 Bf8 {Again, planting a knight on e4 looks like the
most natural choice.} 16. e3 Rc7 $2 {It was not too late to put a knight on e4.
} 17. Ng5 $1 {[%cal Gb1h7,Gb2f6] Now white gains a definite initiative by
coupling threats to the kingside and d5, while controlling the key e4 square.}
g6 18. b4 Ne6 19. Nge4 $1 {Making use of the weaknesses induced.} Nxe4 20. Nxe4
Rxc1 21. Qxc1 dxe4 $6 {A drastic reaction, but black's position was already
quite unpleasant, and there are only evil choices:} (21... Bg7 22. Bxg7 Kxg7
23. Nc3 Nc7 24. Qd2 Qf6 (24... Re5 $6 25. e4 $16) (24... Qd6 25. Qd4+ $16) 25.
Nxd5 Nxd5 26. Bxd5 Bxd5 27. Qxd5 Rc8 {leaves black with nothing for a pawn but
the hope of creating problems in a rook ending.}) (21... Be7 22. Qc3 {and
black must shed a pawn.} ({The sophisticated} 22. a3 $5 {is also very nasty,
keeping options of Nc3.})) 22. Rxd8 Rxd8 23. Bf6 Rc8 24. Qd2 Bg7 25. Bxg7 Kxg7
26. Bh3 $1 {Without the Ne6 black's position becomes easily penetrable.} Rc6 (
26... Kf6 $5 {is quickly suggested by friend Fritz but does not make much
difference in the long run:} 27. Bxe6 Kxe6 28. Qd4 Rc1+ 29. Kg2 b5 30. Qb6+ Bc6
31. Qxa6 {and white already threatens to break through with a4 and b5.}) 27.
Bxe6 Rxe6 28. Qd7 Bc6 29. Qd4+ Kg8 30. Qxb6 $18 Bb5 31. Qd8+ Re8 32. Qc7 Re6
33. g4 h6 34. h4 Kg7 35. g5 hxg5 36. hxg5 Re8 37. Kg2 Re6 38. Kg3 Re8 39. Qc2
Kg8 40. Kf4 Bd3 41. Qc7 Bb5 42. Qa5 {Finally preparing to mobilize his
majority.} Bd3 43. a4 Bc4 44. Qb6 Bd3 45. Qb7 {Paving a smooth path into the
promotion zone for a passed pawn.} a5 {Hoping that white will capture and
allow a blockade with ...Re6.} 46. b5 {A game with a very clear strategic
lesson about he importance of the e4 square in such positions.} 1-0

[Event "Olympiad-37"]
[Site "Turin"]
[Date "2006.05.28"]
[Round "7"]
[White "Akopian, Vladimir Eduardovic"]
[Black "Tiviakov, Sergei"]
[Result "1/2-1/2"]
[WhiteElo "2706"]
[BlackElo "2669"]
[Annotator "Tiviakov,S"]
[PlyCount "62"]
[EventDate "2006.05.21"]
[EventType "team-swiss"]
[EventRounds "13"]
[EventCountry "ITA"]
[SourceTitle "CBM 113"]
[Source "ChessBase"]
[SourceDate "2006.07.31"]
[SourceVersion "1"]
[SourceVersionDate "2006.07.31"]
[SourceQuality "1"]
[WhiteTeam "Armenia"]
[BlackTeam "Netherlands"]
[WhiteTeamCountry "ARM"]
[BlackTeamCountry "NED"]

{[The match from Armenia was a disaster for our Dutch team. Being at the top
of the field during the 1st half of the tournament, after the win against
Russia, we lost 3 matches in a row, starting with Armenia. This game with
Akopian was also very difficult for me. Usually, I don't have opening problems,
nor with White, neither with Black, but in this rare exception I could have
completely not survived the opening. I have to acknowleadge my poor, not
serious preparaton for this game.]} 1. d4 Nf6 2. c4 e6 3. Nf3 b6 4. g3 Bb7 5.
Bg2 Be7 6. O-O O-O {[From 1986 I lost only 1 game in this line (to Sosonko in
Polanica Zdroj 1995). And usually I don't prepare with Black against such
lines, I have too much experience in it.]} 7. Re1 $5 {[Just 1 month before
this game at the Russian League in Sochi V. Akopian was already playing this
move against M. Brodsky and won. That game was played on the neighbouring
table, since both me and Brodsky played for the same FINEK club from St.
Petersburg. Actulally, preparing for our game I thought that Akopian would not
repeat 7.Re1 again, since that line doesn't promise much advantage. And
suddenly this position came on the board! Sometimes after playing a certain
line successfully for so many years, you lose the sense of danger!]} Na6 {
[Still I decided to go for the main principle line. ...Na6 is my favourite
move in the Queen's Indian Defence. The system with 7.Nc3 Na6 has been brought
by me into a serious tournament practice. Recently I easily made a draw with
Gelfand in this system (Russian League in Sochi 2006)]} 8. Ne5 Bxg2 9. Kxg2 Qb8
10. e4 c5 11. Bf4 Bd6 12. Nc3 cxd4 13. Qxd4 Bc5 14. Qd1 {[I was only
remembering the game, published in the Chess Informant #67 and had forgotten
about the game of Van Wely. After this move Black is in serious trouble
already. His whole opening concept after 7.Re1 has to be re-thinked and
re-assesed.]} (14. Qd2 Qb7 15. Bg5 Be7 16. Ng4 (16. Bxf6 $6 Bxf6 17. Qxd7 Qxd7
18. Nxd7 Bxc3 19. bxc3 Rfc8 $15) (16. f3 d6 17. Bxf6 Bxf6 18. Qxd6 Rfd8 19. Qc6
Rd2+ 20. Kg1 Qc8 $1 $15) 16... Nxe4 $1 17. Nxe4 Bxg5 18. Qxg5 f5 19. f3 fxe4
20. Rxe4 Nc5 21. Rf4 {(1/2-1/2 Novikov,I-Ionescu,C/Yerevan (ol) 1996/Inf 67/
(606) [Ionescu,Co])} Nd3 22. Nh6+ Kh8 23. Nf7+ Kg8 24. Nh6+ $11) 14... Qb7 15.
Bg5 $1 $146 {[Obvious, but very strong improvement on the above-mentioned game.
]} (15. a3 {is too slow, Black consolidates his position} Rfc8 16. g4 d6 17.
Nd3 d5 18. exd5 Bd4 19. g5 exd5 20. Qf3 Bxc3 21. bxc3 Ne4 22. Ne5 Nac5 23. cxd5
Qxd5 24. Rad1 Qb7 25. Rd4 Nxc3 26. Qxb7 Nxb7 27. Nxf7 Re8 28. Ne5 Nc5 29. Rc4
Nb5 30. a4 Nd6 31. Rb4 Nf7 32. Re3 Nxe5 33. Bxe5 Rxe5 34. Rxe5 Nd3 35. Rbe4
Nxe5 36. Rxe5 Kf7 37. a5 bxa5 38. Rxa5 Ke6 39. h4 a6 40. h5 Ra7 41. Kg3 Kd6 42.
f4 g6 43. Kg4 Kc6 44. f5 gxf5+ 45. Kxf5 Kb6 46. Re5 a5 47. g6 hxg6+ 48. hxg6 a4
49. Kf6 a3 50. g7 Ra8 51. Rh5 Rc8 52. Rh3 a2 53. Ra3 Rc6+ 54. Kf5 Rc5+ 55. Kg6
Ra5 56. Rxa5 Kxa5 57. g8=Q {1-0 Van Wely,L-Van der Wiel,J/Leeuwarden 2001/CBM
084 (57)}) 15... Be7 {[What else?!]} 16. Ng4 Nd5 {[The only move.]} 17. cxd5
Bxg5 {[White position is so good, he has so many possibilities...]} 18. f4 (18.
h4 $5 Bd8 19. h5 {deserved serious attention.}) 18... Bd8 19. Nb5 $2 {[This is
a serious mistake, allowing Black to escape from a difficult position. After
Vladimir made this move I was no longer afraid over the outcome of the game.]}
(19. f5 $1 $16 {was much better, preparing to smash the Black position, with a
huge advantage!}) 19... exd5 {[Black now is able to exchange some material,
open space for breathing...]} 20. Nd6 ({After} 20. exd5 Nc7 {all Black dangers
are over}) ({the same applies to} 20. Qxd5 Qxd5 21. exd5 $14 {although in the
ending White still keeps slightly better chances}) 20... Qc6 21. e5 $6 (21.
Qxd5 Qxd5 22. exd5 $14 {with better chances due to the active position of the
pieces, was better. The text causes unnecessary for White complications.})
21... d4+ 22. Kg1 (22. Kh3 $5 $13 {with unclear play, deserved attention. The
king on h3 is not naturally situated, but on the g1 he can become a target for
the bishop d8 (from b6) as it happened some moves later in the game.}) 22... b5
$1 {[Black should not waste any time and bring his passive bishop d8 into play.
At this moment I was thinking that already I was slightly better!]} 23. Rc1 Qd5
{[Now it is White who is in danger. He has to play extremely carefully.]} 24.
Ne3 Qxa2 (24... Qe6 {was possible, but if I can take a pawn, I always take it.}
) 25. Ra1 Qe6 26. Nc2 {[Black has 2 extra pawns at this moment, but his 1
piece + 2 pawns are hanging. I have to give some material back, the game by
force goes into an equal ending...]} d3 27. Qxd3 Bb6+ 28. Kg2 Nc5 29. Qf3 (29.
Qxb5 {is too risky for White to play. Suddenly all White pieces lose
coordination.}) 29... Qb3 {Here I thought for some time and decided it would
be too risky to stick to an extra pawn by 29...a6 and decided to go into an
equal ending.} 30. Qxb3 Nxb3 31. Ra3 Nd2 {Neither side has winning chances, so
a draw was agreed here.} (31... Nd4 {with equal chances was possible as well.})
1/2-1/2

[Event "Corus"]
[Site "Wijk aan Zee"]
[Date "2006.01.21"]
[Round "7"]
[White "Gelfand, Boris"]
[Black "Tiviakov, Sergei"]
[Result "1/2-1/2"]
[WhiteElo "2723"]
[BlackElo "2669"]
[Annotator "Tiviakov,S"]
[PlyCount "59"]
[EventDate "2006.01.14"]
[EventType "tourn"]
[EventRounds "13"]
[EventCountry "NED"]
[EventCategory "19"]
[SourceTitle "CBM 111"]
[Source "ChessBase"]
[SourceDate "2006.04.04"]
[SourceVersion "1"]
[SourceVersionDate "2006.04.04"]
[SourceQuality "1"]

1. d4 Nf6 2. c4 e6 3. Nf3 b6 4. g3 Bb7 5. Bg2 Be7 6. Nc3 Ne4 7. Bd2 f5 8. d5
O-O 9. Qc2 exd5 10. Nxd5 Nc6 11. O-O a5 12. Rad1 Bf6 13. Be3 Nb4 (13... d6 $6
14. Nd4 $1 (14. c5 Nb4 $1 15. Nxb4 (15. Nxf6+ Qxf6 16. Qb3+ d5 17. a3 (17. cxb6
$6 c5 $1 {46/729}) 17... Na6 18. cxb6 Nac5 (18... c5 $5 $13 {46/729}) 19. Qc2
cxb6 20. Bd4 Qe7 21. b3 f4 (21... Ne6 $142 $1 22. Bb2 (22. Qb2 Nxd4 23. Nxd4 f4
$10 {46/729}) 22... Rac8 23. Qd3 $5 N4c5 24. Qe3 f4 $13 {Timoshchenko,
G-Karpman,V/Beograd 1988/Inf 46/729 [Timoshchenko,G]}) 22. Qb2 Rac8 23. Rc1
fxg3 24. hxg3 Nd6 25. Rc2 Nf5 26. Be5 Rc6 27. Rfc1 Re6 28. b4 axb4 29. axb4 Na4
30. Qb3 Rxe5 31. Rc7 Nc5 32. R1xc5 bxc5 33. Rxe7 Rxe7 34. bxc5 Bc6 35. g4 Rb7
36. Qa2 Ne7 37. Nd4 Rc7 38. e4 Ra8 39. Qb2 Rb7 40. Qd2 Rb1+ 41. Kh2 {1-0
Timoscenko,G-Karpman,V/Belgrade 1988/TD (41)}) 15... axb4 16. c6 Bc8 17. Qc4+
$14) (14. Nd2 Nb4 $1 15. Nxf6+ Qxf6 16. Qb1 Nxd2 17. Rxd2 Bxg2 18. Kxg2 $10 {
46/729}) 14... Bxd4 15. Bxd4 Nxd4 16. Rxd4 Nc5 $14 {Timoshchenko,G, 46/729})
14. Qb1 (14. Nxf6+ Qxf6 15. Qb3 (15. Qb1 d6 16. a3 Nc6 $11) 15... c5 $1 16.
Rxd7 Bc6 17. Rc7 a4 18. Qd1 (18. Qa3 Na6 19. Rxc6 Qxc6 $13) 18... Qxb2 (18...
Na6 19. Bg5 (19. Rxc6 Qxc6) 19... Nxg5 20. Rxc6 Nh3+ 21. Kh1 Qxc6 22. Ng1 Qe8
23. Qd5+ Kh8 24. Qxa8 Qxa8 25. Bxa8 Nxg1 26. Bb7 Nxe2 27. Bxa6 Rd8 28. Bb5 Rd2
$13) 19. Rxc6 Rfd8 20. Bd4 cxd4 21. Rxb6 Nc3 $13) (14. Qb3 $5 Nxd5 15. cxd5 a4
16. Qc4 (16. Qc2 a3 $36) 16... Nd6 17. Qc2 a3 $13) 14... Nxd5 15. cxd5 g6 $146
(15... Qe7 $6 16. Nd4 g6 17. Nb5 c5 18. dxc6 dxc6 19. Bxe4 fxe4 20. Nd6 c5 21.
Qc2 $1 $14 (21. Nxb7 Qxb7 $11 22. Rd6 Rad8 (22... Be5) 23. Re6 Rde8 24. Rxe8
Rxe8 25. Rd1 Qc6 26. Qc2 a4 27. b3 axb3 28. axb3 Re6 29. Qc4 Be7 30. Qc2 b5 31.
Ra1 Qd5 32. Rd1 Qc6 33. Ra1 Qd5 34. Rd1 Qc6 {1/2-1/2 Horvath,J-Almasi,Z/
Hungary 1992/CBM 034 (34)})) (15... Nd6 16. Bf4 Qe7 17. Qc2 Rac8 18. Nd4 Be5
$13 (18... g6 {- 15...g6})) 16. Qc2 (16. d6 c5 $13 (16... Nxd6 17. Bxb6 cxb6
18. Rxd6 Bc6 19. Qd3 Qe7 20. Rd1 $14)) 16... Rc8 17. Nd4 Ba6 $6 (17... Nd6 $142
18. Bf4 Qe7 19. Rfe1 Rfe8 $11) (17... Qe7 18. Nb5 $36 {><c7}) 18. Bxe4 fxe4 19.
Qxe4 Qe8 (19... Bxd4 20. Bxd4 Re8 21. Qf4 Bxe2 22. Bc3 $1 (22. Rde1 c5 $13)
22... c5 $8 23. dxc6 Rxc6 24. Qd4 Rxc3 25. bxc3 Bxf1 26. Qd5+ Kh8 27. Kxf1 $16)
20. Qc2 Qe5 21. Qb3 Bb7 (21... Rf7 22. Rd2 $14) (21... Kh8 $5 22. Rd2 $14) 22.
Nb5 $6 (22. Nc6 $142 Qe4 (22... a4 23. Qc4 Qxb2 24. Rb1 b5 25. Rxb2 bxc4 26.
Rxb7 dxc6 27. dxc6 $16) (22... Qh5 23. Na7 $16) 23. f3 Qe8 (23... a4 24. fxe4
axb3 25. Rxf6 dxc6 (25... Rxf6 26. Ne7+ Kf8 27. Nxc8 Bxc8 28. axb3 $18) 26.
Rxf8+ Rxf8 27. axb3 cxd5 28. exd5 Rd8 29. Rc1 $16) 24. Bh6 Rf7 25. Na7 Ra8 26.
Nb5 $14) 22... Qxb2 23. Qxb2 Bxb2 24. Rd2 (24. d6 c5 $11) 24... Be5 {(><f4)} (
24... Bf6 $5 25. Bf4 $140 (25. Rc1 $140 Bd8 26. Bf4 g5 27. Bxc7 $2 Ba6 $19)
25... g5 26. Bxc7 $2 Ba6 $17) 25. f4 (25. d6 c5 $13) (25. Rc1 $5 $14) 25... Bf6
26. Rc1 Bd8 27. Na7 $138 (27. Bd4 $14) (27. a4 $14) 27... Ra8 28. Nb5 Rc8 29.
Na7 Ra8 30. Nb5 1/2-1/2

[Event "RUS-chT 13th"]
[Site "Sochi"]
[Date "2006.04.29"]
[Round "10"]
[White "Gelfand, Boris"]
[Black "Tiviakov, Sergei"]
[Result "1/2-1/2"]
[WhiteElo "2727"]
[BlackElo "2669"]
[Annotator "Tiviakov,S"]
[PlyCount "37"]
[EventDate "2006.04.20"]
[EventType "team-tourn"]
[EventRounds "11"]
[EventCountry "RUS"]
[SourceTitle "EXT 2020"]
[Source "ChessBase"]
[SourceDate "2019.10.17"]
[SourceVersion "1"]
[SourceVersionDate "2019.10.17"]
[SourceQuality "1"]
[WhiteTeam "Samara Termosteps"]
[BlackTeam "Sankt Petersburg FINEK"]
[WhiteTeamCountry "RUS"]
[BlackTeamCountry "RUS"]

1. d4 Nf6 2. c4 e6 3. Nf3 b6 4. g3 Bb7 5. Bg2 Be7 6. Nc3 O-O 7. d5 Bb4 8. O-O
Na6 9. Nd4 Bxc3 10. bxc3 Nc5 (10... exd5 $5 11. Nf5 Re8 12. cxd5 Ne4 13. Bxe4
Rxe4 14. f3 Re5 15. e4 Qf6 16. g4 Nc5 17. Qd4 d6 18. Bf4 Rae8 19. Bxe5 dxe5 20.
Qe3 Ba6 21. Rfd1 Bc8 22. Ng3 g6 23. Kg2 Qh4 24. Rd2 Bd7 25. Rf2 Kh8 26. Rd1 h6
27. Rdd2 Kh7 28. f4 Bxg4 29. fxe5 Kg8 30. Kg1 Bh3 31. Rf4 Qg5 32. Qf2 h5 33.
Rxf7 Nxe4 34. Qd4 Nxg3 35. hxg3 Qxg3+ 36. Kh1 Kxf7 37. Rf2+ Kg8 38. e6 Bf5 39.
Rg2 {0-1 Summerscale,A-Motwani,P/Edinburgh 2003/CBM 095 ext (39)}) (10... e5 $5
11. Nf5 d6 {/\Bc8}) 11. Nb3 (11. Ba3 Rb8 (11... exd5 12. Nb3 dxc4 13. Bxb7 Nxb7
14. Nd2 Re8 15. Nxc4 d5 16. Ne3 Qd7 17. Qd3 Qh3 18. f3 Qe6 19. Bc1 Nd6 20. Re1
a5 21. Ng2 Rad8 22. Bg5 c6 23. g4 Nc4 24. Kf2 Qe5 25. h4 h6 26. Bxf6 Qxf6 27.
Rh1 Re7 28. Rab1 Qe5 29. g5 hxg5 30. hxg5 g6 {.... 0-1 Grunberg,S-Itkis,B/
Predeal 1997/EXT 2002 (30)}) (11... d6 $5) 12. Nb5 (12. Nb3 d6 13. Bxc5 bxc5
14. Na5 Ba8 15. e4 e5 16. Rb1 Rb6 17. Qc2 Qd7 18. Rfe1 Rfb8 19. Bf1 g6 20. Bd3
Kg7 21. Rb5 a6 22. Rbb1 Rxb1 23. Rxb1 Rxb1+ 24. Qxb1 Qa4 25. Nb3 Qa3 26. Qc2
Nd7 27. Nd2 Nb6 28. Nb1 Qa5 29. Qb3 Bb7 30. Qa3 Qxa3 31. Nxa3 Na4 32. Nb1 Nb2
33. Be2 Bc8 34. f3 Bd7 35. Kf2 f5 36. Ke3 fxe4 37. fxe4 h5 38. Na3 Na4 39. Kd2
Nb6 40. h4 Ba4 41. Bf3 Kh6 42. Bd1 Bd7 {1/2-1/2 Gilbert,J-Zude,A/Bad Wiessee
GER 2005 (42)}) 12... a6 13. Bxc5 bxc5 14. Na3 Re8 15. Re1 exd5 16. cxd5 d6 17.
Nc4 Nd7 18. e4 Nb6 19. Na5 Qf6 20. Qc2 Qg6 21. Bf1 Bxd5 22. Bd3 c4 23. exd5
cxd3 24. Qb3 d2 25. Red1 Re2 26. c4 Rbe8 27. Qc3 Qf5 28. Rf1 Na4 29. Qb4 Nc5 {
0-1 Marusak,P-Chernyshov,K/Martin 1996/EXT 99 (29)}) 11... Rb8 $146 (11... Nce4
12. f3 Nd6 $5 $13 (12... Nxc3 13. Qd2 (13. Qc2 Na4 14. e4 d6 15. Nd4 Nc5 16.
Bb2 Qd7 17. Bh3 Rfe8 18. a4 a5 19. Rfe1 Qe7 20. e5 dxe5 21. Rxe5 Ncd7 22. Re3
Qc5 23. Rae1 e5 24. Nb3 Qd6 25. Bxd7 Nxd7 26. f4 f6 27. Nd2 Qf8 28. fxe5 Nxe5
29. Bxe5 Rxe5 30. Rxe5 fxe5 31. Rxe5 Qc5+ 32. Kg2 Rf8 33. Nf3 h6 34. Qd3 Ba6
35. Re4 Qb4 36. Ne5 Qxa4 37. h4 Qa2+ 38. Re2 Qa1 39. Kh2 Qf1 40. Qe3 Bc8 41. g4
Re8 42. Kg3 h5 43. Re1 Qf6 44. gxh5 Qf5 45. Kh2 Qxh5 46. Qg3 a4 47. Ng4 Bxg4
48. Rxe8+ Qxe8 49. Qxg4 Qe5+ 50. Kg2 a3 51. Qc8+ Kh7 52. Qa6 Qb2+ 53. Kf3 a2 {
0-1 Topalov,V-Kasimdzhanov,R/Tripoli 2004/CBM 102 (53)}) 13... Na4 14. Qb4 b5
15. Qxb5 (15. cxb5 $5) 15... Nb6 16. dxe6 (16. Na5 $14) 16... fxe6 17. c5 Bc6
18. Qa5 $14)) 12. Nxc5 bxc5 13. e4 (13. Rb1 Ba6 (13... exd5 14. cxd5 Ba6 15.
Rxb8 Qxb8 16. Re1 $14) 14. Rxb8 Qxb8 15. Qa4 Qb6 16. e4 (16. Re1 Re8 (16... d6
$5)) 16... d6 $13) 13... d6 14. Bg5 exd5 (14... Ba6 15. f4 (15. Qa4 Rb6 16.
Bxf6 gxf6 $13) 15... Bxc4 16. e5 Bxf1 $13 (16... h6 $13) (16... dxe5 17. fxe5
Bxf1 18. Qxf1 h6 19. Bh4 g5 20. exf6 Rb6 21. Bxg5 hxg5 22. Qf2 exd5 23. Rf1 $13
)) 15. cxd5 (15. exd5 Bc8 $11 (15... h6 $5)) 15... Ba6 16. Re1 h6 17. Bxf6 (17.
Bf4 Nd7 $11) 17... Qxf6 18. Qd2 Rfe8 (18... Bc4 $5) (18... Rb6 $5) 19. Rab1 {
[19.Rab1 Rb6=]} (19. f4 Rb6 20. Re3 Bc4 $13 21. Rae1 Reb8 $132 {<->b}) 1/2-1/2

[Event "ISR-chT"]
[Site "Israel"]
[Date "1998.02.14"]
[Round "4"]
[White "Shvidler, Eliahu"]
[Black "Tsesarsky, Ilya"]
[Result "1/2-1/2"]
[WhiteElo "2455"]
[BlackElo "2425"]
[Annotator "Tsesarsky,I"]
[PlyCount "30"]
[EventDate "1998.01.15"]
[EventType "team-tourn"]
[EventRounds "10"]
[EventCountry "ISR"]
[SourceTitle "CBM 063"]
[Source "ChessBase"]
[SourceDate "1998.03.26"]
[SourceVersion "1"]
[SourceVersionDate "1998.03.26"]
[SourceQuality "1"]

1. d4 Nf6 2. Nf3 e6 3. c4 b6 4. g3 Bb7 5. Bg2 Be7 6. O-O O-O 7. Re1 Qc8 $1 (
7... Ne4 $2 8. Nfd2 $1 f5 (8... Nd6 $4 9. c5 $1 $18) 9. Nxe4 fxe4 (9... Bxe4
10. Bxe4 fxe4 11. Nc3 d5 12. cxd5 exd5 13. Qb3 c6 14. Nxe4 $16) 10. Nc3 d5 11.
Bh3 $16) (7... c5 8. d5 exd5 9. Nh4 Ne4 10. cxd5 $1 $16) 8. Nc3 (8. Bg5 h6 9.
Bxf6 Bxf6 10. e4 d6 11. Nc3 Nd7 12. Rc1 c5 13. Nb5 Be7 14. d5 e5 (14... exd5
15. cxd5 a6 16. Nbd4 Bf6 17. Nf5 Qc7 $132) 15. h4 a6 16. Na3 Nf6 $11 {1/2-1/2
Piket,J-Salov,V/Wijk op 1993 (24)}) (8. Qc2 Be4 9. Qb3 d5 $11 (9... c5 10. Nc3
Bxf3 11. Bxf3 Nc6 12. d5 Nd4 13. Qd1 Nxf3+ 14. exf3 h6 (14... d6 15. dxe6 fxe6
16. Qe2 e5 17. f4 $11) 15. f4 Re8 (15... Qb8 $132) 16. d6 Bf8 17. g4 Qc6 18. g5
$132 {1-0 Tolush Alexander-Simagin Vladimir/Tournament 1947 (56)})) (8. Ne5 $6
Bxg2 9. Kxg2 Qb7+ $132 10. f3 (10. Nf3 c5 11. dxc5 bxc5 $132) 10... c5 11. dxc5
bxc5 12. Nc3 d6 13. Nd3 Nc6 14. e4 Rab8 15. b3 Nd7 16. Be3 Bf6 17. Rc1 a6 18.
Qd2 h6 19. Bf4 Nde5 20. Nxe5 Nxe5 21. Rcd1 Rfd8 22. Na4 Qc6 23. Nb2 a5 24. h4
a4 25. Nxa4 Nxc4 26. Qc1 Nb6 $2 (26... Ne5 $15) 27. Nxb6 Rxb6 (27... Qxb6 28.
e5 Be7 29. exd6 Bxd6 30. Rxd6 Rxd6 31. Bxd6 Qxd6 32. Rd1 $132) 28. e5 dxe5 $6 (
28... Be7 29. exd6 Bxd6 30. Rxd6 Rxd6 31. Bxd6 Qxd6 32. Rd1 $11) 29. Rxd8+ Bxd8
30. Bxe5 Qd5 31. Qb2 f6 32. Bc3 e5 33. Re2 Bc7 34. Rd2 Qe6 $138 {1-0 Bykhovsky,
A-Tsesarsky,I/Grand Prix 1997 rapid,Ashkelon,Israel.}) 8... Ne4 (8... Bb4 $6 9.
Bd2 d6 10. d5 exd5 11. Nxd5 Nxd5 12. cxd5 a5 13. Bxb4 axb4 14. Nd4 $16 {
1-0 Kallai-Enders/Köbanya op/SW,26,19 1987 (43)}) 9. Bd2 (9. Qc2 f5 (9... Nxc3
10. Qxc3 c5 11. dxc5 bxc5 $132) 10. b3 Nxc3 11. Qxc3 a5 12. a3 Bf6 13. Bb2 Na6
14. Qd2 Be4 15. b4 Qb7 16. b5 Nb8 17. a4 d6 18. Bh3 Qc8 19. c5 dxc5 20. dxc5
Nd7 (20... Rd8 21. Qc1 Bxb2 22. Qxb2 bxc5 $132) 21. Bxf6 Rxf6 22. c6 Nc5 23.
Qe3 $14 (23. Qb2 $2 Bxf3 24. exf3 Nd3 $17 {1/2-1/2 Alatortsev,V-Makogonov,V/
URS-ch10 Tbilisi 1937 (52)})) 9... f5 10. d5 (10. Nxe4 Bxe4 11. Rc1 Qb7 $11 (
11... d5 12. cxd5 exd5 13. Bf4 c5 14. dxc5 bxc5 15. b4 $14)) 10... Na6 11. Nxe4
(11. Rc1 Nac5 $132 (11... Bf6 $132)) 11... fxe4 12. Ng5 exd5 13. cxd5 Bxd5 14.
Bxe4 Bxe4 15. Nxe4 Nc5 $11 (15... d5 $2 16. Bg5 $1 $16) (15... Nc5 16. Nxc5 (
16. Bf4 Nxe4 17. Qd5+ Rf7 18. Qxe4 c6 19. Qa4 d5 20. Rad1 (20. Rac1 c5 $132)
20... Qb7 21. e4 dxe4 22. Qxe4 Raf8 $11) 16... Bxc5 (16... bxc5 17. Bc3 d6 18.
e4 Qe6 19. Qd5 $14) 17. Bf4 Rf7 18. Rc1 c6 $11) 1/2-1/2